Yearbook of International Sports Arbitration 2015 / (Record no. 1578)

MARC details
000 -LEADER
fixed length control field 04298cam a22005895i 4500
001 - CONTROL NUMBER
control field data
005 - DATE AND TIME OF LATEST TRANSACTION
control field 20260322212107.0
006 - FIXED-LENGTH DATA ELEMENTS--ADDITIONAL MATERIAL CHARACTERISTICS
fixed length control field data
007 - PHYSICAL DESCRIPTION FIXED FIELD--GENERAL INFORMATION
fixed length control field data
008 - FIXED-LENGTH DATA ELEMENTS--GENERAL INFORMATION
fixed length control field data
035 ## - SYSTEM CONTROL NUMBER
System control number 21580633
010 ## - LIBRARY OF CONGRESS CONTROL NUMBER
LC control number 2019736786
020 ## - INTERNATIONAL STANDARD BOOK NUMBER
International Standard Book Number 9789462651296
024 7# - OTHER STANDARD IDENTIFIER
Standard number or code 10.1007/978-94-6265-129-6
Source of number or code doi
035 ## - SYSTEM CONTROL NUMBER
System control number (DE-He213)978-94-6265-129-6
040 ## - CATALOGING SOURCE
Original cataloging agency DLC
Language of cataloging eng
Description conventions rda
-- rda
Transcribing agency DLC
072 #7 - SUBJECT CATEGORY CODE
Subject category code LAM
Source thema
072 #7 - SUBJECT CATEGORY CODE
Subject category code LAW051000
Source bisacsh
072 #7 - SUBJECT CATEGORY CODE
Subject category code LB
Source bicssc
072 #7 - SUBJECT CATEGORY CODE
Subject category code LB
Source thema
082 04 - DEWEY DECIMAL CLASSIFICATION NUMBER
Classification number 340.2
Edition information 23
082 04 - DEWEY DECIMAL CLASSIFICATION NUMBER
Classification number 340.9
Edition information 23
097 00 -
-- K7000-7720.22
097 00 -
-- K7073-7078
245 00 - TITLE STATEMENT
Title Yearbook of International Sports Arbitration 2015 /
Statement of responsibility, etc. edited by Antoine Duval, Antonio Rigozzi.
250 ## - EDITION STATEMENT
Edition statement 1st ed. 2016.
264 #1 - PRODUCTION, PUBLICATION, DISTRIBUTION, MANUFACTURE, AND COPYRIGHT NOTICE
Place of production, publication, distribution, manufacture The Hague :
Name of producer, publisher, distributor, manufacturer Imprint: T.M.C. Asser Press,
-- Imprint: T.M.C. Asser Press,
Date of production, publication, distribution, manufacture, or copyright notice 2016.
300 ## - PHYSICAL DESCRIPTION
Extent 1 online resource (XII, 398 pages)
336 ## - CONTENT TYPE
Content type term text
Content type code txt
Source rdacontent
337 ## - MEDIA TYPE
Media type term computer
Media type code c
Source rdamedia
338 ## - CARRIER TYPE
Carrier type term online resource
Carrier type code cr
Source rdacarrier
347 ## - DIGITAL FILE CHARACTERISTICS
File type text file
Encoding format PDF
Source rda
490 1# - SERIES STATEMENT
Series statement Yearbook of International Sports Arbitration,
International Standard Serial Number 2522-8501 ;
Volume/sequential designation 1
505 0# - FORMATTED CONTENTS NOTE
Formatted contents note Part I.General Articles -- 1.Assessing the Usefulness and Legitimacy of CAS.-2.The Influence of Common Law Traditions on the Practice and Procedure before the CAS -- 3.The Validity of Analytical Science in Anti-Doping - A Scientific and Legal Challenge -- 4.The sell-on clause in football: recent cases and evolutions -- 5.CAS Provisional and Conservatory Measures and Other Options to be Granted Interim Legal Relief -- 6.The Basketball Arbitral Tribunal - An overview of its process and decisions.-Part II. Commentaries of CAS Awards -- 7.CAS 2013/A/3365 Juventus FC volume Chelsea FC and CAS 2013/A/3366 A.S. Livorno Calcio S.p.A. volume Chelsea FC, Award of 21 January 2015 -- 8.CAS 2014/A/3486, MFK Dubnica volume FC Parma, Award of 2 February 2015.
520 ## - SUMMARY, ETC.
Summary, etc. The Yearbook of International Sports Arbitration is the first academic publication aiming to offer comprehensive coverage, on a yearly basis, of the most recent and salient developments regarding international sports arbitration, through a combination of general articles and case notes. The present volume covers decisions rendered by the Court of Arbitration for Sport (CAS) and national courts in 2015. It is a must-have for sports lawyers and arbitrators, as well as researchers engaged in this field. It provides in-depth articles on burning issues raised by international sports arbitration, and independent commentaries by esteemed academics and seasoned practitioners on the most important decisions of the CAS (e.g. the Dutee Chand case) and national courts (e.g. the Pechstein and Wilhelmshaven decision rendered by the OLG München and OLG Bremen in Germany). Dr. Antoine Duval is Senior Researcher for International and European Sports Law at the T.M.C. Asser Instituut in The Hague. He holds a Ph.D. on the interaction between Lex Sportiva and EU Law from the European University Institute in Florence. Prof. Antonio Rigozzi teaches international arbitration and sports law at the University of Neuchâtel, Switzerland, and is the partner in charge of the sports arbitration practice at Lévy Kaufmann-Kohler, a Geneva-based law firm specializing in international arbitration.
588 ## - SOURCE OF DESCRIPTION NOTE
Source of description note Description based on publisher-supplied MARC data.
650 #0 - SUBJECT ADDED ENTRY--TOPICAL TERM
Topical term or geographic name entry element Conflict of laws.
650 #0 - SUBJECT ADDED ENTRY--TOPICAL TERM
Topical term or geographic name entry element International law.
650 #0 - SUBJECT ADDED ENTRY--TOPICAL TERM
Topical term or geographic name entry element Private international law.
650 14 - SUBJECT ADDED ENTRY--TOPICAL TERM
Topical term or geographic name entry element Private International Law, International & Foreign Law, Comparative Law .
Authority record control number or standard number http://scigraph.springernature.com/things/product-market-codes/R14002
650 24 - SUBJECT ADDED ENTRY--TOPICAL TERM
Topical term or geographic name entry element International Sports Law.
Authority record control number or standard number http://scigraph.springernature.com/things/product-market-codes/R21000
700 1# - ADDED ENTRY--PERSONAL NAME
Personal name Duval, Antoine.
Relator term editor.
700 1# - ADDED ENTRY--PERSONAL NAME
Personal name Rigozzi, Antonio.
Relator term editor.
776 08 - ADDITIONAL PHYSICAL FORM ENTRY
Relationship information Print version:
Title Yearbook of international sports arbitration.
International Standard Book Number 9789462651289
Record control number (DLC) 2016945765
776 08 - ADDITIONAL PHYSICAL FORM ENTRY
Relationship information Printed edition:
International Standard Book Number 9789462651289
776 08 - ADDITIONAL PHYSICAL FORM ENTRY
Relationship information Printed edition:
International Standard Book Number 9789462651302
830 #0 - SERIES ADDED ENTRY--UNIFORM TITLE
Uniform title Yearbook of International Sports Arbitration,
International Standard Serial Number 2522-8501 ;
Volume/sequential designation 1
906 ## - LOCAL DATA ELEMENT F, LDF (RLIN)
a 0
b ibc
c origres
d u
e ncip
f 20
g y-gencatlg
925 0# -
-- acquire
-- pcnspringer
-- policy default
985 ## -
-- springerpcn
991 ## -
-- s-Online
-- Electronic Resource
Holdings
Withdrawn status Lost status Damaged status Not for loan Home library Current library Shelving location Date acquired Total checkouts Full call number Barcode Date last seen Price effective from Koha item type
        Liberty Liberty General stacks 22/03/2026   340.2 LOC-LPL-00041 22/03/2026 22/03/2026 Books